书目信息 |
| 题名: |
新小说·新电影
|
|
| 作者: | 托马塞 著 ;李华 译 | |
| 分册: | ||
| 出版信息: | 天津 天津人民出版社 2003 |
|
| 页数: | 147页 | |
| 开本: | 18cm | |
| 丛书名: | 法国大学128丛书 | |
| 单 册: | ||
| 中图分类: | I05 | |
| 科图分类: | ||
| 主题词: | 文学理论--后现代主义--各体--法国 | |
| 电子资源: | ||
| ISBN: | 7-201-04221-1 | |
| 000 | 00903oam2 2200265 450 | |
| 001 | 05002333584 | |
| 005 | 20051008093945.28 | |
| 010 | @a7-201-04221-1@dCNY12.80 | |
| 100 | @a20050122d2003 ekmy0chiy0120 ea | |
| 101 | 1 | @achi@cfre |
| 102 | @aCN@b120000 | |
| 105 | @aa z 000yy | |
| 200 | 1 | @a新小说·新电影@9xin xiao shuo · xin dian ying@f(法)克洛德·托马塞著@F(fa)ke luo de·tuo ma sai zhu@g李华译 |
| 210 | @a天津@c天津人民出版社@d2003 | |
| 215 | @a147页@c图@d18cm | |
| 225 | 2 | @a法国大学128丛书@h第一辑@f徐伟民,张智庭主编 |
| 330 | @a本书分“概况”、“新小说/新电影:尝试定义”、“一种言语与它生成的言语”、“一种新的审美观”等4个部分。 | |
| 410 | 0 | @12001 @a法国大学128丛书 |
| 606 | 0 | @a文学理论@x后现代主义@x各体@y法国 |
| 690 | @aI05@v4 | |
| 701 | 0 | @a托马塞@Atuo ma sai@4著 |
| 702 | 0 | @a李华@Ali hua@4译 |
| 801 | 0 | @aCN@bTSSF@c20051008 |
| 905 | @a10447@dI05@e123 | |
| 999 | @aHSJ | |
| 新小说·新电影/(法)克洛德·托马塞著/李华译.-天津:天津人民出版社,2003 |
| 147页:图;18cm.-(法国大学128丛书.第一辑/徐伟民,张智庭主编) |
| ISBN 7-201-04221-1:CNY12.80 |
| 本书分“概况”、“新小说/新电影:尝试定义”、“一种言语与它生成的言语”、“一种新的审美观”等4个部分。 |
| ● |
| 相关链接 |
|
|
|
|
正题名:新小说·新电影
索取号:I05/123
 
预约/预借
| 序号 | 登录号 | 条形码 | 馆藏地/架位号 | 状态 | 备注 |
| 1 | 0364279 | 3642794 | 第一样本阅览室/ [索取号:I05/123] | 在馆 | |
| 2 | 0364280 | 3642801 | 第二借阅区/ [索取号:I05/123] | 在馆 | |
| 3 | 0364281 | 3642810 | 第二借阅区/ [索取号:I05/123] | 在馆 | |
| 4 | 0364282 | 3642829 | 第二借阅区/ [索取号:I05/123] | 在馆 | |
| 5 | 0364283 | 3642838 | 第二借阅区/ [索取号:I05/123] | 在馆 | |
| 6 | 0364284 | 3642847 | 第二借阅区/ [索取号:I05/123] | 在馆 | |
| 7 | 0364285 | 3642856 | 第二借阅区/ [索取号:I05/123] | 在馆 | |
| 8 | 0364286 | 3642865 | 第二借阅区/ [索取号:I05/123] | 在馆 | |
| 9 | 0364287 | 3642874 | 第二借阅区/ [索取号:I05/123] | 在馆 | |
| 10 | 0364288 | 3642883 | 第二借阅区/ [索取号:I05/123] | 在馆 |